Normal view
MARC view
- FOOD INDUSTRY AND TRADE MANAGEMENT
Entry Topical Term
001 - CONTROL NUMBER
- control field: 5025
003 - CONTROL NUMBER IDENTIFIER
- control field: CBULib
005 - DATE AND TIME OF LATEST TRANSACTION
- control field: 20251106090146.0
008 - FIXED-LENGTH DATA ELEMENTS
- fixed length control field: 251106|| aca||babn | a|a d
040 ## - CATALOGING SOURCE
- Original cataloging agency: CBULib
150 ## - HEADING--TOPICAL TERM
- Topical term or geographic name entry element: FOOD INDUSTRY AND TRADE MANAGEMENT